[Event "POL-chT Ekstraliga"]
[Site "Chotowa"]
[Date "2025.06.02"]
[Round "1.2"]
[White "Piorun, Kacper"]
[Black "Noe, Christopher"]
[Result "0-1"]
[WhiteElo "2579"]
[BlackElo "2502"]
[PlyCount "100"]
[EventDate "2025.06.02"]
[EventType "team-tourn"]
[EventRounds "9"]
[EventCountry "POL"]
[SourceTitle "CB24_2025"]
[SourceDate "2025.06.11"]
[SourceVersion "1"]
[SourceVersionDate "2025.06.11"]
[SourceQuality "1"]
[WhiteTeam "Katowice Hetman"]
[BlackTeam "Chylice Laura"]
[WhiteTeamCountry "POL"]
[BlackTeamCountry "POL"]

1. e4 e5 2. Nf3 Nc6 3. Bb5 Nf6 4. 0-0 Nxe4 5. Re1 Nd6 6. a4 Be7 7. Nc3 0-0 8. d4 e4 9. Nxe4 Nxe4 10. Rxe4 a6 11. Bd3 d5 12. Re3 Bg4 13. c3 Bg5 14. Re1 Bxc1 15. Rxc1 Qf6 16. Re3 Rae8 17. Qc2 Rxe3 18. fxe3 Re8 19. Nd2 Rxe3 20. Nf1 Re6 21. Bxh7+ Kf8 22. Bd3 Nxd4 23. cxd4 Rc6 24. Qd2 Qxd4+ 25. Ne3 Re6 26. Rxc7 Qxe3+ 27. Qf2 Qxf2+ 28. Kxf2 Rb6 29. Ke3 Rxb2 30. Kd4 Be6 31. Ke5 g5 32. Kf6 Rf2+ 33. Kxg5 Rxg2+ 34. Kf6 Rf2+ 35. Ke5 Rd2 36. Bf1 Rf2 37. Bd3 Rd2 38. Bf1 Ra2 39. Rxb7 Rxa4 40. Bg2 Ra2 41. Bf1 a5 42. h4 Kg7 43. Ra7 a4 44. Bd3 Ra1 45. Bc2 a3 46. Bb3 Re1+ 47. Kf4 Re4+ 48. Kg5 Rg4+ 49. Kh5 Rg3 50. Bc2 d4 0-1

[Event "Karlsruhe Grenke op"]
[Site "Karlsruhe"]
[Date "2025.04.20"]
[Round "7"]
[White "Mohamed, Anees M"]
[Black "Noe, Christopher"]
[Result "1/2-1/2"]
[WhiteElo "2359"]
[BlackElo "2508"]
[PlyCount "29"]
[EventDate "2025.04.17"]
[EventType "swiss"]
[EventRounds "9"]
[EventCountry "GER"]
[SourceTitle "CB17_2025"]
[SourceDate "2025.04.23"]
[SourceVersion "1"]
[SourceVersionDate "2025.04.23"]
[SourceQuality "1"]

1. d4 Nf6 2. Nc3 d5 3. Bf4 c6 4. e3 Bf5 5. Bd3 Bxd3 6. cxd3 e6 7. Nf3 Nbd7 8. h3 Be7 9. 0-0 0-0 10. Qc2 Rc8 11. Rfc1 Qa5 12. a3 c5 13. dxc5 Qxc5 14. Qb3 Qb6 15. Qxb6 1/2-1/2

[Event "Prague op"]
[Site "Prague"]
[Date "2025.03.05"]
[Round "7"]
[White "Noe, Christopher"]
[Black "Kistrup, Nicolai"]
[Result "1/2-1/2"]
[WhiteElo "2511"]
[BlackElo "2374"]
[PlyCount "87"]
[EventDate "2025.02.27"]
[EventType "swiss"]
[EventRounds "9"]
[EventCountry "CZE"]
[SourceTitle "CB11_2025"]
[SourceDate "2025.03.12"]
[SourceVersion "1"]
[SourceVersionDate "2025.03.12"]
[SourceQuality "1"]

1. Nf3 d5 2. d4 Nf6 3. c4 dxc4 4. e3 e6 5. Bxc4 a6 6. 0-0 c5 7. dxc5 Bxc5 8. Qxd8+ Kxd8 9. Be2 Ke7 10. b3 b6 11. Ne5 Bb7 12. Nd2 Ne4 13. Nd3 Nd7 14. Nxe4 Bxe4 15. Nxc5 Nxc5 16. Ba3 a5 17. f3 Bb7 18. Rfc1 Rhc8 19. Rc2 Rc7 20. Rac1 Rac8 21. Bb5 f6 22. e4 Kf7 23. Rd1 Bc6 24. Bc4 Rd7 25. Rdc1 Bb7 26. Bb5 Rdc7 27. Rd2 Bc6 28. Bf1 Be8 29. Rdc2 Rc6 30. Bb5 R6c7 31. Bf1 Rc6 32. b4 axb4 33. Bxb4 Na4 34. Rxc6 Rxc6 35. Rd1 Rc2 36. a3 Nc3 37. Rd8 Ne2+ 38. Bxe2 Rxe2 39. Rb8 b5 40. Rb7+ Kg8 41. Rb8 Kf7 42. Rb7+ Kg8 43. Re7 Bf7 44. Rb7 1/2-1/2

[Event "Heusenstamm Sparkassen op 11th"]
[Site "Heusenstamm"]
[Date "2024.11.21"]
[Round "1"]
[White "Noe, Christopher"]
[Black "Eggenstein, Frank"]
[Result "1-0"]
[WhiteElo "2510"]
[BlackElo "1945"]
[PlyCount "53"]
[EventDate "2024.11.21"]
[EventType "swiss"]
[EventRounds "7"]
[EventCountry "GER"]
[SourceTitle "CB48_2024"]
[SourceDate "2024.11.28"]
[SourceVersion "1"]
[SourceVersionDate "2024.11.28"]
[SourceQuality "1"]

1. d4 Nf6 2. c4 g6 3. Nc3 Bg7 4. e4 d6 5. h3 0-0 6. Be3 Nc6 7. d5 Nb8 8. Nf3 a5 9. Be2 Na6 10. 0-0 e5 11. a3 Bd7 12. Rb1 a4 13. Bd3 Qe8 14. Bc2 Nb8 15. c5 Qe7 16. Nd2 dxc5 17. Bxa4 Bxa4 18. Nxa4 Nbd7 19. Qc2 b6 20. b4 c4 21. Nc3 Rxa3 22. Nb5 Raa8 23. Nxc7 Rac8 24. Nb5 c3 25. Na7 Rc7 26. Nc6 Qd6 27. Nc4 1-0

[Event "EU-Cup 39th"]
[Site "Vrnjacka Banja"]
[Date "2024.10.23"]
[Round "4.1"]
[White "Kadric, Denis"]
[Black "Noe, Christopher"]
[Result "1-0"]
[WhiteElo "2558"]
[BlackElo "2516"]
[PlyCount "71"]
[EventDate "2024.10.20"]
[EventType "team-swiss"]
[EventRounds "7"]
[EventCountry "SRB"]
[SourceTitle "CB44_2024"]
[Source "Chessbase"]
[SourceDate "2024.10.30"]
[SourceVersion "1"]
[SourceVersionDate "2024.10.30"]
[SourceQuality "1"]
[WhiteTeam "Elektroprivreda"]
[BlackTeam "De Sprenger Echternach"]
[WhiteTeamCountry "MNE"]
[BlackTeamCountry "GER"]

1. e4 c6 2. d4 d5 3. e5 Bf5 4. h4 h5 5. Bd3 Bxd3 6. Qxd3 Qa5+ 7. Nd2 e6 8. c3 Qa6 9. Qxa6 Nxa6 10. b4 Nb8 11. Nb3 Nd7 12. a4 Ne7 13. Nf3 Nf5 14. Bg5 Be7 15. Bxe7 Kxe7 16. Kd2 b6 17. a5 Rhc8 18. Rhb1 f6 19. g3 Nh6 20. Nc1 fxe5 21. dxe5 c5 22. Nd3 cxb4 23. Rxb4 Ng4 24. Ke2 Rab8 25. axb6 axb6 26. Ra7 Rxc3 27. Nd4 Rc4 28. f3 Rxd4 29. Rxd4 Nh6 30. Rb4 Nf7 31. f4 Ke8 32. f5 Nd8 33. fxe6 Nxe6 34. Nf4 Nxf4+ 35. gxf4 g6 36. Rd4 1-0

[Event "Pardubice Czech op-A 35th"]
[Site "Pardubice"]
[Date "2024.07.25"]
[Round "7"]
[White "Noe, Christopher"]
[Black "Jares, Michal"]
[Result "1-0"]
[WhiteElo "2520"]
[BlackElo "2283"]
[PlyCount "97"]
[EventDate "2024.07.19"]
[EventType "swiss"]
[EventRounds "9"]
[EventCountry "CZE"]
[SourceTitle "CBM 221 Extra"]
[Source "ChessBase"]
[SourceDate "2024.09.30"]
[SourceVersion "1"]
[SourceVersionDate "2024.09.30"]
[SourceQuality "1"]

1. e4 c6 2. d4 d5 3. exd5 cxd5 4. Bd3 Nc6 5. c3 g6 6. Qc2 Nh6 7. Nf3 Bf5 8. 0-0 Bg7 9. Re1 0-0 10. Bf4 Rc8 11. Qe2 Bxd3 12. Qxd3 Qb6 13. Na3 Nf5 14. Nc2 e6 15. g4 Nfe7 16. h4 Nb8 17. Rab1 Nd7 18. h5 Nc6 19. hxg6 fxg6 20. Bd6 Rfe8 21. Bh2 Nf6 22. Ne3 Ne4 23. Nd2 Nxd2 24. Qxd2 Rf8 25. Re2 Rce8 26. Rbe1 Qd8 27. Ng2 Qd7 28. Qd3 Rf7 29. Bg3 a6 30. Nh4 b5 31. Nf3 Bf6 32. Kg2 Rfe7 33. Qd2 Rf7 34. Qh6 Rfe7 35. Qh3 b4 36. Bh4 Bxh4 37. Qxh4 bxc3 38. bxc3 Qc7 39. Ng5 e5 40. dxe5 Rxe5 41. Rxe5 Nxe5 42. f4 h6 43. Qxh6 Qd7 44. fxe5 Qxg4+ 45. Kh1 Qf5 46. Qh7+ Kf8 47. Qh8+ Ke7 48. Qg7+ Kd8 49. Nf7+ 1-0

[Event "Titled Tuesday intern op 23rd Jul Late"]
[Site "Chess.com INT"]
[Date "2024.07.23"]
[Round "3"]
[White "Montano Vicente, Guadalupe"]
[Black "Noe, Christopher"]
[Result "1-0"]
[WhiteElo "1991"]
[BlackElo "2520"]
[PlyCount "97"]
[EventDate "2024.07.23"]
[EventType "swiss (blitz)"]
[EventRounds "11"]
[EventCountry "USA"]
[SourceTitle "EXT 2025"]
[Source "ChessBase"]
[SourceDate "2024.10.14"]
[SourceVersion "1"]
[SourceVersionDate "2024.10.14"]
[SourceQuality "1"]

1. d4 Nf6 2. c4 g6 3. Nc3 d5 4. Nf3 Bg7 5. Qb3 dxc4 6. Qxc4 0-0 7. Bf4 c6 8. e4 Bg4 9. Be2 e6 10. Qd3 Nbd7 11. 0-0 Nb6 12. Rfd1 Nh5 13. Be3 Qc7 14. h3 Bxf3 15. Bxf3 Nf4 16. Qc2 Rad8 17. Rac1 e5 18. Bxf4 exf4 19. Ne2 Rfe8 20. a4 a5 21. b3 Qd6 22. e5 Qb4 23. Qc5 Nd5 24. Bxd5 Rxd5 25. Qxb4 axb4 26. Nxf4 Rd7 27. Rc4 Red8 28. e6 fxe6 29. Nxe6 Re8 30. Nxg7 Kxg7 31. Rxb4 Re4 32. Rd3 Re2 33. f3 Rde7 34. Rc4 Re1+ 35. Kh2 R7e2 36. d5 cxd5 37. Rxd5 Rf1 38. Rg4 Rb2 39. Rd7+ Kh6 40. Rxb7 Rff2 41. Rg3 Rfc2 42. a5 Rc3 43. b4 Rcb3 44. Rg4 Ra2 45. Rh4+ Kg5 46. Rg4+ Kh5 47. f4 g5 48. Rxg5+ Kh6 49. Rb6# 1-0

[Event "Titled Tuesday intern op 23rd Jul Late"]
[Site "Chess.com INT"]
[Date "2024.07.23"]
[Round "2"]
[White "Noe, Christopher"]
[Black "Radhakrishnan, Sharath"]
[Result "0-1"]
[WhiteElo "2520"]
[BlackElo "2033"]
[PlyCount "34"]
[EventDate "2024.07.23"]
[EventType "swiss (blitz)"]
[EventRounds "11"]
[EventCountry "USA"]
[SourceTitle "EXT 2025"]
[Source "ChessBase"]
[SourceDate "2024.10.14"]
[SourceVersion "1"]
[SourceVersionDate "2024.10.14"]
[SourceQuality "1"]

1. e4 e5 2. Nf3 Nc6 3. Bb5 a6 4. Ba4 Nf6 5. 0-0 b5 6. Bb3 Bc5 7. c3 d6 8. d4 Bb6 9. Re1 0-0 10. Bg5 h6 11. Bh4 Re8 12. Nbd2 Bb7 13. Nf1 Nb8 14. Ng3 Nbd7 15. Nf5 exd4 16. N3xd4 Bxe4 17. f3 Bxf5 0-1

[Event "Pardubice Czech op-A 35th"]
[Site "Pardubice"]
[Date "2024.07.23"]
[Round "5"]
[White "Paseka, Matyas"]
[Black "Noe, Christopher"]
[Result "1/2-1/2"]
[WhiteElo "2193"]
[BlackElo "2520"]
[PlyCount "54"]
[EventDate "2024.07.19"]
[EventType "swiss"]
[EventRounds "9"]
[EventCountry "CZE"]
[SourceTitle "CBM 221 Extra"]
[Source "ChessBase"]
[SourceDate "2024.09.30"]
[SourceVersion "1"]
[SourceVersionDate "2024.09.30"]
[SourceQuality "1"]

1. e4 Nf6 2. e5 Nd5 3. d4 d6 4. c4 Nb6 5. exd6 cxd6 6. Nc3 g6 7. Be3 Bg7 8. Rc1 0-0 9. b3 e5 10. dxe5 dxe5 11. Qxd8 Rxd8 12. c5 N6d7 13. Nf3 Nc6 14. Bc4 h6 15. Nb5 e4 16. Nd2 Nde5 17. 0-0 Nxc4 18. Nxc4 Nb4 19. Ncd6 Nxa2 20. Rc4 Be6 21. Rxe4 Rd7 22. Ra4 Bxb3 23. Rxa7 Rxa7 24. Nxa7 Nc3 25. Re1 Be6 26. Ne8 g5 27. Nxg7 Kxg7 1/2-1/2

[Event "Karlsruhe Grenke op"]
[Site "Karlsruhe"]
[Date "2024.03.30"]
[Round "5"]
[White "Noe, Christopher"]
[Black "Kostov, Deyan Samuil"]
[Result "1-0"]
[WhiteElo "2527"]
[BlackElo "2328"]
[PlyCount "41"]
[EventDate "2024.03.28"]
[EventType "swiss"]
[EventRounds "9"]
[EventCountry "GER"]
[SourceTitle "EXT 2025"]
[Source "ChessBase"]
[SourceDate "2024.10.14"]
[SourceVersion "1"]
[SourceVersionDate "2024.10.14"]
[SourceQuality "1"]

1. d4 Nf6 2. c4 e6 3. Nc3 Bb4 4. e3 0-0 5. Bd2 b6 6. Bd3 Bb7 7. Nf3 c5 8. a3 Bxc3 9. Bxc3 Ne4 10. Bxe4 Bxe4 11. dxc5 bxc5 12. Qd6 Nc6 13. Nd2 Bg6 14. Qxc5 Qc7 15. Qg5 e5 16. e4 f5 17. exf5 Rxf5 18. Qg3 Raf8 19. 0-0 Rf4 20. Rac1 d6 21. Qe3 1-0

[Event "BL2-Sued 2324"]
[Site "Germany"]
[Date "2024.02.04"]
[Round "6.2"]
[White "Noe, Christopher"]
[Black "Dann, Matthias"]
[Result "1/2-1/2"]
[WhiteElo "2532"]
[BlackElo "2477"]
[PlyCount "96"]
[EventDate "2023.10.21"]
[EventType "team-tourn"]
[EventRounds "10"]
[EventCountry "GER"]
[SourceTitle "EXT 2025"]
[Source "ChessBase"]
[SourceDate "2024.10.14"]
[SourceVersion "1"]
[SourceVersionDate "2024.10.14"]
[SourceQuality "1"]
[WhiteTeam "Eppingen"]
[BlackTeam "Baden-Baden II"]
[WhiteTeamCountry "GER"]
[BlackTeamCountry "GER"]

1. Nf3 Nf6 2. d4 e6 3. c4 b6 4. g3 Ba6 5. Qb3 Nc6 6. Nbd2 Bb7 7. e4 Bb4 8. d5 exd5 9. cxd5 Bxd2+ 10. Bxd2 Ne7 11. Bd3 0-0 12. 0-0 Ng6 13. Rfe1 c5 14. dxc6 dxc6 15. e5 Nd7 16. Bxg6 hxg6 17. Qc4 c5 18. Ng5 Nf6 19. exf6 gxf6 20. Ne4 Bxe4 21. Bh6 f5 22. Bxf8 Qxf8 23. Qc3 Qg7 24. Qxg7+ Kxg7 25. Rad1 c4 26. Rd7 a5 27. Re3 Rc8 28. f3 Bc6 29. Ra7 Rd8 30. Ra6 Rd1+ 31. Kf2 Rd2+ 32. Re2 Rd3 33. Re3 Rd2+ 34. Re2 Rd3 35. Rxb6 Rxf3+ 36. Ke1 Be4 37. Rd6 Bb1 38. Rf2 Re3+ 39. Kd2 Re7 40. a3 Rb7 41. Kc3 Ba2 42. Ra6 Rb3+ 43. Kc2 Rd3 44. Rd2 Bb3+ 45. Kc1 Rf3 46. Rg2 Rd3 47. Rd2 Rf3 48. Rg2 Rd3 1/2-1/2